000 00292nam a22001337a 4500
008 190305b xxu||||| |||| 00| 0 eng d
020 _a0256025282
041 _aeng
080 _a338
100 _a53
101 _aMEN
245 _aOperations Management
_cStevenson,W.J
942 _2udc
_cBK
999 _c54498
_d54498